000 00965cab a2200205 4500
001 X91568
008 090401t1998 xxu||||| |||| 00| 0 eng d
035 _a(Sirsi) u86054
041 _aeng
245 _aHalki Shipping Corporation v Sopex Oils Ltd
260 _c1998
350 _a0
490 _aWeekly Law Reports
_v(1998) 1 WLR 726-763(38)
520 _aCA 19 December 1997. Arbitration - Stay of judical proceedings - Arbitration agreement - Claim for demurrage - Charterers not admitting claim - Disputes agreed to be referred to arbitration - Shipowners asserting no defence to claim - Whether "dispute" between parties - Whether action to be stayed - Arbitration Act 1996 (c. 23) s9 (1)(4). HEADNOTE.
650 _aMANAGEMENT-DISPUTE AVOIDANCE, MANAGEMENT AND RESOLUTION-DISPUTE MANAGEMENT AND RESOLUTION-ARBITRATION
650 _aHALKI SHIPPING CORPORATION V SOPEX OILS LTD
690 _aARBITRATION-CASE LAW
942 _n0
948 _c07/05/1998
999 _c54138
_d54138